[Event "BL Meisterschaftsturnier 2020"]
[Site "Karlsruhe"]
[Date "2020.09.16"]
[Round "1.10"]
[White "Tari, Aryan"]
[Black "McShane, Luke J"]
[Result "1/2-1/2"]
[WhiteElo "2630"]
[BlackElo "2680"]
[Annotator "TA"]
[PlyCount "101"]
[EventDate "2020.09.16"]
[EventType "team-tourn"]
[EventCountry "GER"]
[SourceTitle "playchess.com"]
[Source "ChessBase"]
[SourceQuality "1"]
[WhiteTeam "Solingen"]
[BlackTeam "Werder Bremen"]

{[%evp 9,101,19,19,18,22,11,12,14,21,12,17,6,29,26,21,18,23,12,10,3,10,0,25,0,56,-20,-8,-7,-20,-26,-8,-19,34,18,21,12,40,15,13,24,32,6,1,0,8,0,6,0,104,0,88,88,88,90,88,2,8,5,33,0,101,101,113,37,37,37,37,37,37,37,37,0,0,0,0,0,0,0,0,0,0,0,0,0,0,0,0,0,0,0,0,0,0,0]} 1. e4 e5 2. Nf3 Nc6 3. Bb5 Nf6 4. d3 Bc5 5. Bxc6 dxc6 6. O-O {C65: Ruy Lopez: Berlin Defence (3...Nf6), unusual lines and 4 0-0 Bc5.} Qe7 7. Nbd2 Bg4 8. h3 Bh5 9. a3 a5 10. Nc4 Nd7 11. g4 Bg6 $1 12. b4 Bb6 13. Nxb6 (13. Bb2 {seems wilder.} f6 14. Nh4 a4 15. Nxb6 cxb6 16. f4) 13... cxb6 14. Be3 {[#]} h5 $146 ({Predecessor:} 14... O-O 15. Qd2 f6 16. Rab1 axb4 17. axb4 b5 18. Nh4 Ra2 19. Kh2 Rfa8 20. Rg1 Nf8 {½-½ (30) Dominguez Perez,L (2763)-Wang,H (2726) Khanty-Mansiysk 2019}) 15. Kg2 b5 16. Qe2 f6 (16... a4 $11) 17. a4 (17. Nh4 $14 Bf7 18. Nf5 {[%mdl 64] Double Attack}) 17... hxg4 $11 18. hxg4 Qxb4 19. Rfb1 Qd6 20. axb5 c5 (20... cxb5 $11 21. Rxb5 b6) 21. Rh1 $14 Rxh1 22. Rxh1 Nf8 23. Nh4 a4 24. Nf5 $36 {[%mdl 2048] White has the initiative.} Qc7 25. c4 b6 26. Qc2 Qa7 27. Ng3 Ne6 28. Ne2 Nd4 (28... a3 $11 {remains equal.}) 29. Nxd4 (29. Bxd4 $1 $16 exd4 30. Nf4) 29... cxd4 (29... exd4 $11 30. Bd2 a3) 30. Bd2 $16 {Hoping for c5!} Bf7 31. Bb4 Be6 32. Kg3 (32. f3 $16) 32... a3 $11 33. Qa2 Kf7 34. Ra1 {[%cal Ra2a3]} Qd7 (34... Qb8 $1 $11 {keeps the balance.}) 35. f3 $16 Ra4 {Black wants to play ...Qxb5!} 36. Qb1 (36. Bxa3 $16 Qd8 37. Qb2) 36... a2 $1 $14 {[%cal Ra2b1]} 37. Rxa2 Rxa2 38. Qxa2 {[#] Strongly threatening Qa8.} Qxb5 $1 39. Qa7+ ({Don't play} 39. cxb5 Bxa2 40. Kf2 Ke6 $15) 39... Qd7 40. Qxb6 (40. Qb8 $5 {[%cal Rb8f8]} Qc8 41. Qa7+ (41. Qxb6 Qh8 $14) 41... Qd7 42. Qxb6 $14) 40... Qa4 $1 {The position is equal.} 41. Qb7+ Kg8 42. Qe7 Qd1 43. Qxe6+ Kh7 $1 44. Qf5+ Kg8 $1 45. Qc8+ Kh7 46. Qf5+ Kg8 $1 47. Kf2 Qc2+ $1 48. Ke1 Qc1+ 49. Kf2 {[#] And now g5! would win.} Qc2+ 50. Ke1 {Threatens to win with Bd2.} Qc1+ 51. Kf2 {Accuracy: White = 66%, Black = 78%.} 1/2-1/2

[Event "BL Meisterschaftsturnier 2020"]
[Site "Karlsruhe"]
[Date "2020.09.16"]
[Round "1.10"]
[White "Baldauf, Marco"]
[Black "Koch, Thomas"]
[Result "1-0"]
[WhiteElo "2503"]
[BlackElo "2461"]
[Annotator "TA"]
[PlyCount "65"]
[EventDate "2020.09.16"]
[EventType "team-tourn"]
[EventCountry "GER"]
[SourceTitle "playchess.com"]
[Source "ChessBase"]
[SourceQuality "1"]
[WhiteTeam "SF Berlin"]
[BlackTeam "Aachen"]

{[%evp 13,65,0,0,0,0,0,0,0,11,12,14,16,14,16,19,19,19,16,18,22,24,18,27,10,29,15,14,6,6,6,6,16,15,4,6,6,3,8,131,120,137,122,129,70,329,325,322,325,295,297,386,385,823,809]} 1. d4 Nf6 2. c4 e6 3. Nc3 Bb4 4. Qc2 O-O 5. e4 d5 6. e5 Ne4 7. Bd3 c5 8. Nf3 {E32: Nimzo-Indian: Classical (4 Qc2): 4...0-0.} cxd4 9. Nxd4 Nd7 10. Bf4 {The position is equal.} Ndc5 11. O-O Nxd3 {The modern move.} 12. Qxd3 Bxc3 13. bxc3 b6 14. cxd5 exd5 15. Rfe1 Qd7 16. a4 {[#]} Qg4 $146 ({Predecessor:} 16... Nc5 17. Qg3 Ne4 18. Qh4 Nc5 19. Bg5 Qg4 20. f3 Qxh4 21. Bxh4 Bd7 22. a5 Nd3 {½-½ (31) Ristea,T (2338)-Steiger,W (2395) ICCF email 2013}) 17. Qe3 {And now f3 would win.} Nc5 18. Nb5 Be6 19. Reb1 Bf5 20. f3 Qg6 21. Rb4 a5 22. Rb2 Rac8 23. Bg3 Bc2 24. Nd4 $36 {[%mdl 2048] White has some pressure.} Bxa4 {[#]} 25. e6 $1 {[%mdl 512]} Qd3 {[#]} (25... fxe6 $11 {keeps the balance.} 26. Rxb6 Rfe8) (25... Nxe6 26. Rxa4) 26. Qxd3 $1 $16 Nxd3 27. Rxb6 Rxc3 28. h4 (28. Rb7 $16) 28... Rc1+ $2 {[%mdl 8192] This costs Black the game.} ({Black should try} 28... Rc4 $14 29. e7 Re8) 29. Rxc1 $18 Nxc1 {[#]} 30. Rb1 $1 Nd3 31. Ra1 Nc5 32. Bd6 $1 {[%csl LRc5,LRf8][%mdl 64] Double Attack} Nb3 $2 (32... fxe6 33. Bxc5 Rc8) 33. Rxa4 {Accuracy: White = 96%, Black = 63%.} 1-0

[Event "BL Meisterschaftsturnier 2020"]
[Site "Karlsruhe"]
[Date "2020.09.16"]
[Round "1.11"]
[White "Areshchenko, Alexander"]
[Black "Van Foreest, Jorden"]
[Result "1-0"]
[WhiteElo "2678"]
[BlackElo "2682"]
[Annotator "TA"]
[PlyCount "73"]
[EventDate "2020.09.16"]
[EventType "team-tourn"]
[EventCountry "GER"]
[SourceTitle "playchess.com"]
[Source "ChessBase"]
[SourceQuality "1"]
[WhiteTeam "Werder Bremen"]
[BlackTeam "Solingen"]

{[%evp 24,73,8,-3,-10,-13,0,-50,-43,-42,-40,-25,-47,-48,-41,-45,-47,-41,-41,-45,-50,-86,-35,-33,-2,-31,0,0,272,276,275,250,328,337,335,290,290,290,337,336,1802,321,29975,1687,1931,1444,29984,29980,29983,29984,29998,29999]} 1. e4 c5 2. Nf3 e6 3. d4 cxd4 4. Nxd4 a6 5. Nc3 Qc7 6. Be2 Nf6 7. O-O Be7 8. f4 d6 9. Be3 Nc6 10. Kh1 O-O 11. Qe1 Nxd4 12. Bxd4 b5 13. a3 Nd7 {B85: Sicilian Scheveningen: 6 Be2 a6, lines with early Be3.} 14. Bd3 Bb7 {[#]} 15. Ne2 $5 $146 {[%mdl 8] New and interesting.} (15. Rf3 {feels hotter.} Rae8 16. Rh3 e5 17. Be3 f5 18. exf5 Bf6 19. Qf2) ({Predecessor:} 15. Qg3 Bf6 16. Bxf6 Nxf6 17. Rae1 Rac8 18. Qh4 h6 19. Re3 Qc5 20. Rg3 Kh8 21. Rg5 {1-0 (48) Inarkiev,E (2694)-Rublevsky,S (2683) Sochi 2017}) 15... e5 {Black is slightly better.} 16. Bc3 Nc5 {White must now prevent ...f5.} 17. Ng3 Bh4 18. fxe5 dxe5 19. Qe3 Bxg3 20. Qxg3 f6 21. Rae1 Rf7 22. Re3 Rd8 ({Reject} 22... Nxd3 $6 23. cxd3 Qb6 24. Ref3 $11) ({Black should try} 22... Na4 $17 23. Be2 Qb6) 23. Qh4 Rfd7 {[%cal Rc5d3]} 24. Be2 (24. Rh3 $5 {[%cal Rh4h7]} h6 25. Rg3 $11) 24... Qb6 25. Bg4 Rd6 $2 {[%mdl 8192]} (25... Rf7 $1 $11 {and Black stays safe.}) 26. Bf5 $1 $18 h6 27. Qg4 Qc7 {[#] and if ...Bc8 works, Black does fine.} 28. Qg6 $1 {[%cal Rg6h7]} Rd1 {[%cal Rd1f1]} 29. Ree1 Rxe1 30. Bxe1 {Hoping for Qh7+.} Kf8 31. Qh7 {Bg6 is the strong threat.} Kf7 $2 (31... Bxe4 32. Bxe4 Nxe4) 32. Bb4 $2 (32. Bg6+ Ke6 {[#]} 33. Ba5 $1 {[%mdl 576] Deflection} (33. Bb4 Kd6 $16) 33... Qxa5 34. Qxg7) 32... Na4 $2 (32... Bxe4 $18 33. Bxe4 Nxe4) 33. Bg6+ (33. Bg4 $142 Nc5 34. Bxc5 Bxe4 35. Bh5+ {[%mdl 64] Zwischenzug} Ke6 36. Qxe4 Qxc5 37. Qg4+ {[%mdl 64] Double Attack} f5 38. Qxf5+ Kd6 39. Rd1+ Qd4 40. Rxd4+ exd4 41. Bg4) 33... Ke6 34. Bh5 {[%csl Ge4,Gf1][%cal Rh7f5]} Nc5 35. Bxc5 {[%mdl 64] Overworked Piece. White mates.} Qxc5 36. Qxg7 {[%csl Gg7][%cal Rf1f6][%mdl 64] Double Attack} Bxe4 37. Qf7+ {Accuracy: White = 69%, Black = 45%.} 1-0

[Event "BL Meisterschaftsturnier 2020"]
[Site "Karlsruhe"]
[Date "2020.09.16"]
[Round "1.11"]
[White "Vandenbussche, Thibaut"]
[Black "Sprenger, Jan Michael"]
[Result "1-0"]
[WhiteElo "2435"]
[BlackElo "2482"]
[Annotator "TA"]
[PlyCount "127"]
[EventDate "2020.09.16"]
[EventType "team-tourn"]
[EventCountry "GER"]
[SourceTitle "playchess.com"]
[Source "ChessBase"]
[SourceQuality "1"]
[WhiteTeam "Aachen"]
[BlackTeam "SF Berlin"]

{[%evp 20,127,42,39,36,36,38,31,28,2,47,42,45,38,43,20,50,49,56,56,96,87,97,58,54,56,55,4,4,4,11,0,44,39,21,0,65,16,96,35,35,35,35,35,35,35,35,35,52,14,14,14,14,7,7,7,7,7,14,7,30,14,30,30,30,14,14,0,14,14,14,0,0,0,0,0,0,0,0,0,0,0,0,0,0,0,0,0,0,0,0,0,0,0,0,0,0,0,0,0,0,0,0,0,0,0,0,0,0,0]} 1. e4 c5 2. Nf3 d6 3. Bb5+ Nc6 4. O-O Bd7 5. Re1 Nf6 6. c3 a6 7. Bf1 Bg4 8. h3 Bxf3 9. Qxf3 g6 10. d3 Bg7 11. Be3 O-O {B51: Sicilian: Moscow Variation (3 Bb5+) without 3...Bd7.} 12. Nd2 b5 13. d4 cxd4 {White is slightly better.} 14. cxd4 {[#] Threatens to win with e5.} e5 15. dxe5 Nxe5 16. Qd1 d5 17. Bg5 (17. f4 $5 {[%cal Rf4e5]} Nc4 18. Bxc4 bxc4 19. e5 $14) 17... Re8 18. a4 bxa4 19. Qxa4 dxe4 20. Nxe4 {[#] Black must now prevent Bxf6.} Qb6 21. Bxf6 (21. Rad1 {with more complications.} Nxe4 22. Rxe4 Qc6 23. b3 Reb8 24. Qxc6 Nxc6 25. Bc4) 21... Bxf6 22. Qa5 Qe6 23. Qd5 (23. Nxf6+ $14 Qxf6 24. Re4) 23... Bg7 $11 24. Qxe6 Rxe6 25. f4 Nd7 26. Bc4 $1 {[%cal Rc4e6]} Rb6 27. Rad1 Nf8 ({Black should play} 27... Rb4 $1 $11) 28. Ng5 Ne6 (28... Bxb2 $11 {keeps the balance.} 29. Re7 (29. Bxf7+ Kg7 $14) (29. Nxf7 Ba3 $16) 29... Rc8 30. Bxf7+ Kh8) 29. Nxf7 ({Don't play} 29. Bxe6 $6 fxe6 30. Rd7 (30. Nxe6 Bxb2 31. Nc7 Rf8 $11) (30. Rxe6 Rxe6 31. Nxe6 Bxb2 $11) 30... Bxb2 $11) (29. Rd7 $16 Nxg5 30. fxg5) 29... Kxf7 $14 30. Rd7+ Kf6 31. Bxe6 Rxe6 32. Rxe6+ Kxe6 33. Rxg7 {[%mdl 4096] Endgame KR-KR} Rf8 $1 34. Rxh7 {Ra7 is the strong threat.} Rxf4 35. Rg7 Kf6 36. Ra7 Ra4 37. Kf2 a5 38. Rb7 Rc4 39. Kf3 Rc2 40. g4 a4 41. Rb6+ Kg7 42. Kf4 Rc4+ {The position is equal.} 43. Ke5 g5 44. Kd5 Rc2 45. Kd4 Rh2 46. Rb4 Rxh3 47. Rxa4 Rb3 48. Ra2 Kf6 49. Kc4 Rg3 50. b4 Rxg4+ 51. Kc5 Rg1 52. Rb2 Ke5 53. b5 Rc1+ 54. Kb4 Kf4 55. b6 {Intending b7 and mate.} Rc8 56. b7 Rb8 57. Kc5 g4 58. Rf2+ Ke3 59. Rf7 g3 60. Kc6 g2 61. Re7+ Kf2 62. Rf7+ Ke2 63. Rg7 Rxb7 64. Rg3 {[%mdl 32768] Accuracy: White = 89%, Black = 84%. . Loss on time!?} 1-0

[Event "BL Meisterschaftsturnier 2020"]
[Site "Karlsruhe"]
[Date "2020.09.16"]
[Round "1.12"]
[White "Andersen, Mads"]
[Black "Efimenko, Zahar"]
[Result "1/2-1/2"]
[WhiteElo "2585"]
[BlackElo "2602"]
[Annotator "TA"]
[PlyCount "108"]
[EventDate "2020.09.16"]
[EventType "team-tourn"]
[EventCountry "GER"]
[SourceTitle "playchess.com"]
[Source "ChessBase"]
[SourceQuality "1"]
[WhiteTeam "Solingen"]
[BlackTeam "Werder Bremen"]

{[%evp 13,108,25,32,30,27,20,27,15,26,37,35,32,45,43,36,35,47,35,36,35,37,36,25,17,68,65,63,53,58,72,81,73,91,0,176,141,141,138,130,130,210,185,317,73,81,72,72,72,72,73,73,73,72,85,161,152,153,171,137,155,160,157,120,8,34,124,133,0,8,8,8,8,8,8,8,8,8,0,0,0,0,0,0,0,0,0,0,0,0,0,0,0,0,0,0,0,0]} 1. d4 Nf6 2. c4 e6 3. Nf3 b6 4. g3 Bb4+ 5. Bd2 Bxd2+ 6. Qxd2 Ba6 7. b3 d5 8. Bg2 {E15: Queen's Indian: 4 g3 sidelines, 4 g3 Ba6 and 4 g3 Bb7 early deviations.} O-O 9. O-O Nbd7 {was the old line (9...c5).} 10. Rd1 {[#] White has an edge.} Ne4 $146 ({Predecessor:} 10... c6 11. Qc2 Rc8 12. Nc3 c5 13. dxc5 Rxc5 14. e4 dxc4 15. b4 Rc7 16. Rd4 h6 {0-1 (40) Zilka,S (2532)-Saric,A (2551) Meissen 2013}) 11. Qb2 f5 12. Nc3 {[%cal Bb1c3,Bc3e2,Be2f4][%mdl 32]} c6 13. Rac1 Qe7 14. e3 Rac8 15. Ne2 Bb7 16. h4 dxc4 17. bxc4 c5 18. Nf4 cxd4 (18... Rfe8 $11) 19. exd4 $14 Rfe8 20. Re1 Ba8 21. a4 a5 22. Ng5 {[%cal Rg5e4]} e5 23. c5 (23. Nxe4 $16 {And now Ng5 would win.} exf4 24. Ng5 Qxe1+ 25. Rxe1 Rxe1+ 26. Kh2 fxg3+ 27. Kxg3) 23... Nxg5 $2 (23... exf4 $11 24. Qb3+ Kh8 25. Bxe4 fxe4 26. Nf7+ Kg8 27. Ng5+ Kh8 28. Nf7+ Kg8 29. Nd6+ Kf8 30. Nxc8 Rxc8 31. cxb6 Rxc1 32. Rxc1 Bb7 33. gxf4 (33. Rc7 $2 e3 $17) 33... e3 34. Qxe3 Qxh4) 24. hxg5 Bxg2 25. Kxg2 {Black must now prevent c6.} bxc5 26. dxe5 Nxe5 (26... Nf8 $16) 27. Re3 $1 $18 {Strongly threatening Rce1.} Rb8 (27... c4 $142) 28. Qa2+ $2 (28. Qe2 $1 $18 {is the precise move to win.}) 28... Qf7 $16 29. Qxf7+ Nxf7 30. Rxe8+ ({Much worse is} 30. Rxc5 Rxe3 31. fxe3 Rb2+ 32. Kf1 Nxg5 $11) 30... Rxe8 31. Rxc5 {[%mdl 4096] Endgame KRN-KRN} g6 32. Rxa5 Nxg5 33. Ra7 Re5 (33... Rd8 $16) 34. a5 Ne6 35. Nd3 $1 {[%cal Rd3e5]} Rd5 {[#]} 36. Nb4 $1 {[%cal Rb4d5]} Rb5 37. Nc6 {Hoping for a6.} Rc5 {[#]} 38. Ra6 (38. Nb8 $1 $16) 38... Nc7 $1 $11 {[%cal Rc7a6]} 39. Rb6 Nd5 40. Ra6 ({White has to play} 40. Rb8+ $16 Kg7 41. a6 Rxc6 42. a7) 40... Nc7 {The position is equal.} 41. Ne7+ Kf7 (41... Kf8 $5 42. Rc6 $8 Rxc6 43. Nxc6 Ke8 $11) 42. Rc6 Rxc6 43. Nxc6 {KN-KN} Ke6 44. Kf3 Kd6 45. Nd4 Kc5 46. Nxf5 gxf5 {KN-K3P} 47. Kf4 Kb5 48. Kxf5 Kxa5 {KN-KPP} 49. Kg5 Kb6 50. Kh6 Kc6 51. Kxh7 Kd6 52. f4 Ke7 53. Kg6 Nd5 54. f5 Nf6 {Blacks defense is rewarded with a draw. Accuracy: White = 85%, Black = 82%.} 1/2-1/2

[Event "BL Meisterschaftsturnier 2020"]
[Site "Karlsruhe"]
[Date "2020.09.16"]
[Round "1.13"]
[White "Klein, Felix"]
[Black "Jakubowski, Krzysztof"]
[Result "1-0"]
[WhiteElo "2307"]
[BlackElo "2481"]
[Annotator "TA"]
[PlyCount "93"]
[EventDate "2020.09.16"]
[EventType "team-tourn"]
[EventCountry "GER"]
[SourceTitle "playchess.com"]
[Source "ChessBase"]
[SourceQuality "1"]
[WhiteTeam "Aachen"]
[BlackTeam "SF Berlin"]

{[%evp 17,93,26,58,31,32,16,20,14,27,18,27,-15,-27,-19,-13,-18,-15,-41,-44,-52,-44,-42,-46,-40,-55,-49,0,0,0,0,0,0,0,0,0,0,0,0,239,-8,-14,-10,382,311,349,375,357,307,570,556,579,560,731,0,504,0,738,745,1063,1100,1516,1516,29974,29974,29974,29975,29974,29975,29988,29988,29988,29989,29991,29991,29992,29993,29993,1385]} 1. e4 c5 2. Nf3 d6 3. d4 cxd4 4. Nxd4 Nf6 5. Nc3 a6 6. f3 e6 7. Be3 b5 8. Qd2 Bb7 9. g4 Nfd7 10. g5 {B80: Sicilian Scheveningen: 6 g3 and 6 Be3, including English Attack.} Nb6 11. a4 bxa4 12. Nxa4 {The position is equal.} Nxa4 13. Rxa4 d5 {[#]} 14. e5 $146 ({Predecessor:} 14. exd5 Qxd5 15. Bd3 Qd7 16. b3 Be7 17. O-O O-O 18. Qg2 g6 19. Qh3 Rd8 20. Ne2 {½-½ (26) Wedberg,T (2455)-Astrom,R (2305) Sweden 1994}) 14... Nd7 {[%cal Bb8d7,Bd7c5,Bc5e4][%mdl 32]} 15. f4 Nc5 $36 {[%mdl 2048] White is under pressure.} 16. Ra2 Ne4 17. Qg2 Bc5 {And now ...Qb6 would win.} 18. Bd3 Qb6 19. c3 a5 $1 20. Qc2 O-O 21. O-O Kh8 22. Rfa1 f6 23. exf6 gxf6 24. gxf6 Rxf6 25. Kh1 $1 {Hoping for b4!} Rg8 26. Rxa5 e5 27. fxe5 Rf3 $2 (27... Bxd4 $1 $11 {and Black stays safe.} 28. cxd4 (28. Bxd4 Rf2 $14) 28... Rf3) 28. Qe2 $2 (28. Nxf3 Bxe3 29. Rb5 Bd2 $11) (28. Rb5 $18 Qc7 29. Qe2 (29. Nxf3 Bxe3 30. Rf1 Bc6 $15)) 28... Rxe3 $11 29. Qxe3 {Threatens to win with Bxe4.} Qxb2 $4 {[%mdl 8192] Black is now going downhill.} (29... Qh6 $11 30. Qf3 (30. Qxh6 $2 Nf2#) 30... Bxd4 31. cxd4 Ng3+ 32. Kg1 Ne4+ 33. Kh1 Ng3+ 34. Kg1 Nf5+ 35. Kh1 Ng3+) 30. Bxe4 $1 $18 dxe4 {[%csl Gg8][%cal Rb2g2]} 31. Rg1 $1 {[%cal Rg1g8]} Rxg1+ 32. Kxg1 Bb6 $2 (32... Qb1+ {was called for.} 33. Kf2 Bb6) 33. Ra4 Qb1+ 34. Kg2 Qb2+ 35. Kg1 Qb1+ 36. Kg2 Qb2+ $1 37. Kg3 Bc7 38. Qg5 {White wants to mate with Qf6+.} Qxc3+ 39. Kh4 Bc8 40. e6 {White mates.} (40. Ra8 $2 {gets mated.} Qh3#) 40... Qe1+ 41. Kh5 $1 ({And not} 41. Kh3 Qf1+ 42. Kh4 Qf2+ 43. Kh5 Qxh2+ 44. Kg4 Qg1+ 45. Kh4 Qh1+ 46. Kg4 Qd1+ 47. Kh3 Qh1+ 48. Kg4 Qd1+ 49. Kh4 Qh1+ 50. Kg4 $11) 41... Qf2 {[#]} 42. Ra2 $3 {[%mdl 512]} Qf8 {[#]} (42... Qxa2 43. Qf6+) 43. Ra8 $1 Qe8+ 44. Kg4 Bd6 45. Qf6+ Kg8 46. Nf5 {[%cal Rf5h6]} Bf8 47. Qf7+ {Accuracy: White = 77%, Black = 61%.} (47. Kh4 $142 h5 48. e7 Kh7 49. exf8=B Qd7 {[#]} 50. Rxc8 $1 {[%mdl 512]} e3 51. Qh6+ $1 {[%mdl 576] Double Attack} Kg8 52. Qg6+ Kh8 53. Bg7#) 1-0

[Event "BL Meisterschaftsturnier 2020"]
[Site "Karlsruhe"]
[Date "2020.09.16"]
[Round "1.14"]
[White "Smeets, Jan"]
[Black "Van Foreest, Lucas"]
[Result "1/2-1/2"]
[WhiteElo "2585"]
[BlackElo "2531"]
[Annotator "TA"]
[PlyCount "107"]
[EventDate "2020.09.16"]
[EventType "team-tourn"]
[EventCountry "GER"]
[SourceTitle "playchess.com"]
[Source "ChessBase"]
[SourceQuality "1"]
[WhiteTeam "Solingen"]
[BlackTeam "Werder Bremen"]

{[%evp 15,107,0,8,0,0,0,0,0,0,0,102,0,0,0,12,0,7,1,8,0,0,0,0,0,0,0,0,-8,0,0,0,0,0,0,0,0,0,-26,-20,-33,-18,-27,-13,-10,-12,-12,0,-24,-16,-53,-31,-39,-24,-33,-43,-33,0,-12,2,2,2,3,16,0,2,7,2,8,2,2,4,2,8,2,2,2,3,3,4,14,16,8,8,8,8,8,8,8,8,0,0,0,0,0]} 1. e4 e5 2. Nf3 Nc6 3. d4 exd4 4. Nxd4 Nf6 5. Nxc6 bxc6 6. Bd3 d5 7. exd5 cxd5 8. O-O Be7 9. h3 {C45: Scotch Game.} (9. c4 d4 10. Bg5 O-O 11. Qc2 h6 12. Bxf6 Bxf6 13. b4 Be7 14. a3 c5 15. b5 Bb7 16. Nd2 Bd6 17. Rfe1 f5 {½-½ (52) Smeets,J (2585)-Van Foreest,L (2523) Wijk aan Zee 2020}) 9... O-O 10. Re1 c5 11. b3 {[#]} Be6 $146 ({Predecessor:} 11... Bb7 12. Nd2 Bd6 13. Bb2 Bc7 14. Qf3 Qd6 15. Be5 Qc6 16. Bxf6 Qxf6 17. Qxf6 gxf6 {0-1 (78) Oz,I (1687)-Kusenkova,N (2211) Antalya 2019}) 12. Bb2 Nd7 {[#]} (12... c4 $11 {remains equal.} 13. Bf1 Bb4) 13. Qf3 ({Only move:} 13. Qh5 $1 $16 {[%csl Gd3][%cal Rh5h7]} g6 14. Bxg6 (14. Qh6 d4 $11) 14... fxg6 15. Qe2) 13... Bf6 $11 14. Bxf6 Qxf6 15. Qxf6 Nxf6 16. Nc3 Rfc8 17. Rac1 Kf8 18. Be2 Rab8 19. Bf3 d4 20. Ne2 g5 21. Rcd1 h5 {[#] Hoping for ...g4.} 22. Ng3 h4 23. Ne4 Nxe4 24. Bxe4 Re8 25. Bc6 Re7 26. Rd2 Rb6 $36 {[%mdl 2048] Black has the initiative.} 27. Bf3 {With the idea Re5.} Bf5 28. Rc1 Kg7 29. Be2 Rd6 30. Bd3 Bd7 31. Rf1 f5 32. Kh2 a5 33. Bc4 g4 34. hxg4 fxg4 35. c3 g3+ 36. Kg1 {The position is equal.} h3 37. cxd4 ({Much worse is} 37. fxg3 hxg2 38. Kxg2 Bc6+ 39. Kg1 Rh6 $17) 37... hxg2 38. Kxg2 gxf2 39. Kxf2 Rf6+ 40. Kg1 {aiming for Rxf6.} Rg6+ 41. Rg2 Rxg2+ 42. Kxg2 cxd4 {[%mdl 4096] Endgame KRB-KRB} 43. Rf4 Bc6+ 44. Kf2 Be4 45. Ke2 Bb1+ 46. Kd2 Bxa2 47. Rxd4 Bb1 48. Rd5 Ra7 $1 49. Bb5 Kf6 50. Kc3 Bf5 51. Ba4 Be6 52. Rc5 Ke7 53. Kd4 Rb7 54. Rxa5 {Accuracy: White = 92%, Black = 96%.} 1/2-1/2

[Event "BL Meisterschaftsturnier 2020"]
[Site "Karlsruhe"]
[Date "2020.09.16"]
[Round "1.14"]
[White "Schmidek, Emil"]
[Black "Meessen, Rudolf"]
[Result "1-0"]
[WhiteElo "2395"]
[BlackElo "2234"]
[Annotator "TA"]
[PlyCount "79"]
[EventDate "2020.09.16"]
[EventType "team-tourn"]
[EventCountry "GER"]
[SourceTitle "playchess.com"]
[Source "ChessBase"]
[SourceQuality "1"]
[WhiteTeam "SF Berlin"]
[BlackTeam "Aachen"]

{[%evp 9,79,-2,0,-2,0,-10,0,-2,42,38,43,31,58,43,60,66,56,64,63,56,93,86,93,71,70,87,69,9,15,15,56,42,53,63,52,57,50,2,47,61,93,-62,-58,-145,52,23,0,0,135,123,125,144,452,448,439,426,424,425,417,420,418,421,570,453,547,402,396,398,693,693,672,671]} 1. d4 e6 2. c4 Nf6 3. Nc3 Bb4 4. e3 O-O 5. Nge2 c6 6. Ng3 {E46: Nimzo-Indian: Rubinstein: 4 e3 0-0 5 Ne2 without early Bd3.} d5 7. Bd2 {[#]} Re8 $146 ({Predecessor:} 7... Nbd7 8. Rc1 Re8 9. Be2 Bd6 10. O-O dxc4 11. Bxc4 Bxg3 12. hxg3 e5 13. Ne2 exd4 14. Nxd4 {1-0 (58) Czerw,D (2274)-Bellia,F (2428) Prague 2020}) 8. Be2 {The position is equal.} e5 9. dxe5 Rxe5 10. O-O Nbd7 11. Qc2 (11. a3 $5 {[%cal Ra3b4]} Bf8 12. cxd5 $14) 11... Nb6 12. a3 Bf8 13. cxd5 Nbxd5 14. e4 Nb6 15. Rad1 Re8 16. Bg5 Qe7 17. Nh5 Nbd7 18. Bg4 (18. Bh4 $14) 18... Qe5 $11 19. Bf4 Qc5 20. b4 Qc4 21. Nxf6+ Nxf6 22. Be2 Qe6 {[%cal Rf6e4]} 23. e5 Nd7 24. Rfe1 $36 {[%mdl 2048] White has good play.} a5 25. Rd4 $2 (25. Bd3 $16 Qg4 26. Bxh7+ Kh8 27. Bg3) 25... Nxe5 $15 26. Re4 {[#]} (26. Qd1 $15) 26... Qg6 $2 (26... Qf6 $1 $17 {White must now prevent ...Bf5.} 27. Bxe5 Rxe5) 27. Qd1 $1 $14 ({And not} 27. Bxe5 Rxe5 28. Bd3 Rxe4 $17) 27... axb4 28. axb4 Bh3 (28... Qf6 $11 {remains equal.} 29. Bf1 Rd8) 29. Bg3 $16 Rad8 30. Qc1 f5 $2 {[%mdl 8192] Now Black is done in.} (30... Kh8 $16 {is more resistant.}) 31. Rxe5 $18 {[%mdl 64] Remove Defender} Rxe5 32. Bc4+ ({Weaker is} 32. gxh3 Kh8 $11) 32... Red5 33. gxh3 Bxb4 34. Nxd5 cxd5 35. Rd1 Qc6 36. Qf4 Ba5 37. Be2 Qe6 38. Bf3 Bc3 $2 {[#]} (38... Kh8 39. Qe5 Qxe5 40. Bxe5 d4 41. Rxd4 Rxd4) 39. Bxd5 $1 {[%mdl 576] Deflection} Rxd5 40. Qb8+ {[%mdl 64] Double Attack. Accuracy: White = 79%, Black = 47%.} 1-0